The Teacher and the school curriculum : (Record no. 5789)

MARC details
000 -LEADER
fixed length control field 00745nam a22002297a 4500
003 - CONTROL NUMBER IDENTIFIER
control field URS
005 - DATE AND TIME OF LATEST TRANSACTION
control field 20220421131604.0
020 ## - INTERNATIONAL STANDARD BOOK NUMBER
International Standard Book Number 978-621-04-0005-2
040 ## - CATALOGING SOURCE
Original cataloging agency URS
Language of cataloging English
Transcribing agency URS
Modifying agency URS
Description conventions rda
050 ## - LIBRARY OF CONGRESS CALL NUMBER
Classification number LB1570
Item number .P289 2019
100 ## - MAIN ENTRY--PERSONAL NAME
Personal name Pawilen, Greg Tabios.,
Relator term author.
245 ## - TITLE STATEMENT
Title The Teacher and the school curriculum :
Remainder of title a guide to curriculum development practice /
Statement of responsibility, etc Greg Tabios Pawilen.
264 ## - PUBLICATION, DISTRIBUTION, ETC. (IMPRINT)
Place of publication, distribution, etc Manila :
Name of publisher, distributor, etc REX Book Store,
Date of publication, distribution, etc ©2019.
300 ## - PHYSICAL DESCRIPTION
Extent x, 155 pages ;
Dimensions 25 cm.
336 ## - CONTENT TYPE
Source rdacontent
Content type term text
Content type code txt
337 ## - MEDIA TYPE
Source rdamedia
Media type term unmediated
Media type code n
338 ## - CARRIER TYPE
Source rdacarrier
Carrier type term volume
Carrier type code nc
504 ## - BIBLIOGRAPHY, ETC. NOTE
Bibliography, etc Includes bibliographical references.
650 #0 - SUBJECT ADDED ENTRY--TOPICAL TERM
Topical term or geographic name as entry element Curriculum planning.
650 #0 - SUBJECT ADDED ENTRY--TOPICAL TERM
Topical term or geographic name as entry element Education
General subdivision Curricula.
942 ## - ADDED ENTRY ELEMENTS (KOHA)
Source of classification or shelving scheme Library of Congress Classification
Koha item type Filipiniana
Holdings
Withdrawn status Lost status Source of classification or shelving scheme Damaged status Not for loan Collection code Home library Current library Shelving location Date acquired Source of acquisition Total Checkouts Full call number Barcode Date last seen Copy number Koha item type Date checked out Price effective from
    Library of Congress Classification     Non-fiction Antipolo College Library Antipolo College Library On Display 04/01/2023 Library Fund   LB1570 .P289 2019 URSANT-05673 10/28/2024 1 Filipiniana   10/28/2024
    Library of Congress Classification     Non-fiction Antipolo College Library Antipolo College Library On Display 04/01/2023 Library Fund   LB1570 .P289 2019 URSANT-05674 10/28/2024 2 Filipiniana   10/28/2024
    Library of Congress Classification     Non-fiction Taytay College Library Taytay College Library Filipiniana Section 10/01/2020 Donation   LB1570 .P289 2019 URSTAY-4689 06/02/2025 1 Filipiniana    
    Library of Congress Classification     Non-fiction Taytay College Library Taytay College Library Filipiniana Section 11/17/2021 Purchased   LB1570 .P289 2019 URSTAY-5045 06/02/2025 2 Filipiniana    
    Library of Congress Classification     Non-fiction Taytay College Library Taytay College Library Filipiniana Section 11/17/2021 Purchased 1 LB1570 .P289 2019 URSTAY-5046 06/02/2025 3 Filipiniana 02/24/2025  
    Library of Congress Classification     Non-fiction Taytay College Library Taytay College Library Filipiniana Section 11/17/2021 Purchased   LB1570 .P289 2019 URSTAY-5047 06/02/2025 4 Filipiniana    

University of Rizal System
Email us at univlibservices@urs.edu.ph

Visit our Website www.urs.edu.ph/library